000 00479nam a2200181Ia 4500
008 151018s9999 xx 000 0 und d
082 _bRBASDV50431
_a891.431
100 _aदीपक शर्मा
245 _aमंजर
250 _b1
260 _bलिट्रेसी
_c2009
300 _a91
600 _aदीपक शर्मा
630 _aमंजर
700 _aदीपक शर्मा
730 _aमंजर
942 _cBOOK
999 _c1049397
_d1049394